| 000 | 00473cam a2200193ua 4500 | ||
|---|---|---|---|
| 020 | _c2.00 | ||
| 041 |
_amal _h |
||
| 082 |
_a894.81209 _bJOS/VA |
||
| 100 | _aJoseph, Mundasseri . | ||
| 245 |
_aVayanasalayil vol-1 / _cJoseph mundasseri. _hTextual Documents |
||
| 250 |
_a3 / _b. |
||
| 260 |
_aThrissur : _bMangalodhayam pvt ltd , _c1962. |
||
| 300 | _a144 ; . | ||
| 365 | _a2.00 | ||
| 504 | _a | ||
| 942 | _cBK | ||
| 999 |
_c6555 _d6555 |
||